MDQL
is popping MORE tags! Check the
thread
!
Quizzes
Events
Quiz Creation
Community
Videos
Private Events
Remove Ads
Sign In
Join for FREE
Feedback
Dark Mode
Quiz Categories
Sports
Geography
Music
Movies
Television
Just For Fun
Miscellaneous
History
Literature
Language
Science
Gaming
Entertainment
Religion
Holiday
For Kids
Quiz Lab
Recent
Popular Today
Quiz Kudos Today
Editor Picks
Curator Picks
Quizzes by...
Day
Popularity
Type
Ratings
Length
Year
Community
Subscriptions
Recent Discussions
Orange Saloon
Badges
Playlists
Quests
Create
Leaderboards
Showdown
Live 5
Trivia Bingo
Activity
Puzzle Library
Sporcle Events
Private Events
Virtual Trivia
Globe League
Become a Host
Pub Owners
SporcleCon
Opinionation
Our Games
Videos
Blog
Mobile Apps
Partnerships
Remove Ads and Go Orange
Feedback
Geography
Country
Landmarks
City
State
Population
World
Capital
Continent
Flags
Europe
Africa
Asia
South America
North America
Oceania
Border
Canada
United Kingdom
Topography
United States
Geography
Country
Landmarks
City
State
Population
World
Capital
Continent
Flags
Europe
Africa
Asia
South America
North America
Oceania
Border
Canada
United Kingdom
Topography
United States
Random Quiz
Search Sporcle
×
Quiz Lab
Quiz Lab
Geography
State
Type in answers that appear in a list
Type in answers that appear in a list
Classic
Best Score? Go Orange.
US Postal Abbreviations Stats
Can you name the US Postal Abbreviations?
By
dazzlemedaft
2m
50 Questions
672 Plays
672 Plays
672 Plays
Comments
Comments
Give Quiz Kudos
Give Quiz Kudos
-
- Ratings
hide this ad
Forced Order
Answers have to be entered in order
Answers have to be entered in order
Random Order
Randomize order of answers
Randomize order of answers
Replay
Link that replays current quiz
Next Quiz
Link to next quiz in quiz playlist
You Got
0%
They Got
Avg Score
76%
Avg Friend Score
Upgrade to see
Score Distribution
Jump to the score distribution portion of the page
Score
0/50
Timer
02:00
0
Plays Today
State
Abbreviation
% Correct
North Dakota
ND
79.7%
Oklahoma
OK
79.4%
Rhode Island
RI
79.4%
Alaska
AK
79%
Ohio
OH
78.8%
Florida
FL
78.5%
New Mexico
NM
78.5%
Texas
TX
78.5%
South Dakota
SD
78.2%
Utah
UT
78.2%
New York
NY
78.1%
Montana
MT
77.9%
New Hampshire
NH
77.8%
California
CA
77.6%
Colorado
CO
77.6%
Connecticut
CT
77.6%
Indiana
IN
77.5%
Delaware
DE
77.2%
Michigan
MI
77.2%
North Carolina
NC
77.2%
Vermont
VT
77.2%
Arkansas
AR
77%
Washington
WA
77%
Wyoming
WY
77%
West Virginia
WV
76.9%
State
Abbreviation
% Correct
Wisconsin
WI
76.8%
Oregon
OR
76.6%
Tennessee
TN
76.6%
Alabama
AL
76.3%
Georgia
GA
76.3%
Hawaii
HI
76.3%
Massachusetts
MA
76.2%
Idaho
ID
76%
Kentucky
KY
76%
Mississippi
MS
76%
Nevada
NV
76%
Illinois
IL
75.9%
Minnesota
MN
75.9%
New Jersey
NJ
75.9%
South Carolina
SC
75.9%
Kansas
KS
75.7%
Maine
ME
75.7%
Iowa
IA
75.6%
Nebraska
NE
75.6%
Maryland
MD
75.4%
Virginia
VA
75.4%
Arizona
AZ
75.3%
Louisiana
LA
75%
Pennsylvania
PA
75%
Missouri
MO
74.4%
Quiz Playlist
Details
Report
Send in Message
Add To Playlist
Classic:
Type in answers that appear in a list
Forced Order:
Answers have to be entered in order
Random Order:
Randomize order of answers
Quiz Source
Last Updated: Feb 16, 2017
Quiz Scoreboard
CHALLENGE
Sign Up to Join the Scoreboard
Show All
Scores
Hide
Comments
May contain spoilers
Recently Published
5x2 Blitz: Bands
by SL_Kpop136
Music
30s
Colored Red Africa Blitz
by spor1
Geography
30s
Find the 'City' Movie
by crazypaving
Movies
60s
More to Explore
Quiz From the Vault
Featured Blog Post
14 Easter Pick-up Lines to Find Eggs With
hide this ad
You Might Also Like...
Tags
State Quiz
Abbreviation
postal
US Postal
Today's Top Quizzes in Geography
Browse Geography
hide this ad
Today's Top Quizzes in State
Browse State
Top Contributed Quizzes in Geography
1
Countries of the World - No Outlines Minefield
2
Colored Red Europe Blitz I
3
Colored Red Africa Blitz II
4
Colored Red Europe Blitz II
5
Colored Red Africa Blitz III
6
Colored Red Europe Blitz III
7
Colored Red States Blitz I
8
African Flag Reveal XLVI
9
Colored Red States Blitz II
10
Colored Red States Blitz III
Explore More
Trending Topics
Marvel
Disney
Crossword
Kpop
NBA
Harry Potter
Anime
The Office
NFL
WWE
Pokémon
Puzzle
Soccer
Country
Song
hide this ad
More By:
dazzlemedaft
Quiz
Plays
Rating
Category
Featured
Created
US Postal Abbreviations
672
4.67
Geography
May 29, 2010
Go to Creator's Profile
Score Distribution
Quiz Creator Spotlight
dazzlemedaft
Follow
Send a Message
Quizzes Created
-
Created Quiz Play Count
-
More By This Creator
Popular Quizzes Today
1
Colored Red Africa Blitz
2
Find the 'City' Movie
3
Find the US States - No Outlines Minefield
4
5x2 Blitz: Bands
5
The Countries of the World
6
Find the US States
7
Find the Countries of Europe - No Outlines Minefield
8
US States
More Geography Quizzes
United States Reveal XXXVI
Quiz Lab
Trending Quizzes
Colored Red Europe Blitz I
Colored Red Europe Blitz II
Colored Red Africa Blitz II
Colored Red Europe Blitz III
Colored Red Africa Blitz III
Recently Updated
How Do You Spell That?
pecheneg
Godzilla Movies
pecheneg
Grab Bag: 4-10 Letters
pecheneg
2024 March Madness Bracket
pecheneg
Famous TV Couples
Peacemaker
Champions League XIs: Real Madrid
pecheneg
Largest US Cities 1790-2010
pecheneg
Rides in Walt Disney World
pecheneg
Most Oscar Losses (Acting)
pecheneg
Beyoncé Albums
pecheneg
Trending Topics
Anime
NBA
Marvel
Kpop
Disney
Crossword
Harry Potter
NFL
Country
WWE
Pokémon
The Office
Soccer
Song
Puzzle
Your Account Isn't Verified!
In order to create a playlist on Sporcle, you need to verify the email address you used during registration. Go to your
Sporcle Settings
to finish the process.
Report this User
Report this user for behavior that violates our
Community Guidelines
.
Details:
Send Report
Go to the Sporcle.com Mobile Site →
Comments